A shropshire lad

Gorde:
Xehetasun bibliografikoak
Egile nagusia: Housman, A. E.
Formatua: Liburua
Hizkuntza:Undetermined
Argitaratua: New York, Estados Unidos Avon Book 1950
Gaiak:
Etiketak: Etiketa erantsi
Etiketarik gabe, Izan zaitez lehena erregistro honi etiketa jartzen!

MARC

LEADER 00000nam a2200000Ia 4500
008 170316s9999 xx 000 0 und d
090 |a 820 H-14a 
100 |a Housman, A. E. 
245 2 |a A shropshire lad 
260 |a New York, Estados Unidos 
260 |b Avon Book 
260 |c 1950 
300 |a 96 páginas 
650 |a LITERATURA INGLESA 
999 |c 22326  |d 22326 
040 |a cru BVZT 
942 |c 15 D  |h 820 H-14a  |2 z